| 000 | 01428cas a2200409 a 4500 | ||
|---|---|---|---|
| 001 | 000001025 | ||
| 005 | 20200929145453.0 | ||
| 008 | 750824d19741974fr brzp 0 b0fre d | ||
| 010 | _a08006765 | ||
| 022 | _a0010-6852 | ||
| 035 | _a(OCoLC)ocm01564904 | ||
| 040 |
_aDO-SdBNP _cMnMULS _dN< _dOCoLC _dAIP _dNSDP _dDLC _dNST _dDLC _dNST _dInU _dDLC _dOCoLC |
||
| 042 |
_ansdp _alc |
||
| 050 | 0 | 0 |
_aNA2 _b.C7 |
| 210 | 0 | _aConstr. mod. | |
| 222 | 0 | _aConstruction moderne | |
| 245 | 0 | 3 | _aLa Construction moderne. |
| 260 |
_a[Paris : _bConseils, _c-1974]. |
||
| 300 |
_a80 v. : _bill. ; _c29-36 cm. |
||
| 310 |
_aBimonthly, _b1959-1974 |
||
| 321 |
_aWeekly, _b1885-1939 |
||
| 321 |
_aMonthly, _b1945-1958 |
||
| 362 | 0 | _a-sept.-dec. 1974. | |
| 362 | 1 | _aBegan in Oct. 1885. | |
| 500 | _aImprint varies. | ||
| 500 | _aDescription based on: Sept.-dec. 1974; title from cover. | ||
| 515 | _aPublication suspended Aug. 1914-Jan. 1919, and 1939-1945. | ||
| 590 | _aSERBIB/SERLOC merged record | ||
| 650 | 0 |
_aArchitecture _vPeriodicals. _93546 |
|
| 650 | 0 |
_aBuilding _vPeriodicals. _93547 |
|
| 772 | 0 |
_tRecueil juridique C. m _w(DLC) 28000241 |
|
| 785 | 0 | 0 |
_tConstruction moderne (Centre d'information de l'industrie cimentiere (France)) _w(DLC) 91650720 _w(OCoLC)24062857 |
| 890 |
_aConstruction moderne. _i08-6765 |
||
| 910 | _aCatalogación por copia / LC | ||
| 012 | _a-3-7-0303010387-p-8605P | ||
| 999 |
_c1003 _d1003 |
||